| 000 | 02697cam a2200769 4500 | ||
|---|---|---|---|
| 999 |
_c23580 _d23580 |
||
| 001 | vtls012081601 | ||
| 005 | 20240710074815.0 | ||
| 008 | 211222s2021 xo ho g hn 011 0bslo | ||
| 020 |
_a9788055174297 _q(viazané) |
||
| 040 |
_aGAGK _bslo _cGAGK _dSNK _erda |
||
| 041 | 1 |
_aslo _heng |
|
| 044 |
_axo _cSK |
||
| 072 | 7 |
_a343 _xTrestné právo _2konspekt |
|
| 072 | 7 |
_a929 _xBiografie _2konspekt |
|
| 080 |
_a616-051 _22011 |
||
| 080 |
_a329.17-051 _22011 |
||
| 080 |
_a341.322.5-051 _22011 |
||
| 080 |
_a616-092.4/.9 _22011 |
||
| 080 |
_a323.28:329.17 _22011 |
||
| 080 |
_a343.412 _22011 |
||
| 080 |
_a341.49:341.322.5 _22011 |
||
| 080 |
_a(430) _22011 |
||
| 080 |
_a(8) _22011 |
||
| 080 |
_a(092) _22011 |
||
| 080 |
_a929 _22011 |
||
| 100 | 1 |
_aMarwell, David G., _d1951- _4aut _93918 |
|
| 240 | 1 | 0 |
_aMengele Unmasking the "Angel of Death" _lSlovensky |
| 245 | 1 | 0 |
_aMengele _bpravá tvár Anjela smrti _cDavid G. Marwell ; preložila Eva Budjačová |
| 264 | 1 |
_aBratislava _bIkar _c2021 |
|
| 300 |
_a406 strán, 8 nečíslovaných strán fotografických príloh _bfaksimile, fotografie _c24 cm |
||
| 336 |
_atext _btxt _2rdacontent |
||
| 337 |
_abez média _bn _2rdamedia |
||
| 338 |
_azväzok _bnc _2rdacarrier |
||
| 500 | _aPreložené z angličtiny | ||
| 500 | _aObsahuje stručné profesijné údaje o autorovi | ||
| 500 | _aObsahuje poznámky pod čiarou | ||
| 600 | 1 | 7 |
_aMengele, Josef, _d1911-1979 _2SNKMA _92162 |
| 610 | 2 | 7 |
_aOsvienčim (koncentračný tábor) _2SNKKA _92168 |
| 648 | 7 |
_a20. storočie _2SNKPH _92073 |
|
| 648 | 7 |
_a20th century _2SNKPHeng _92074 |
|
| 650 | 0 | 7 |
_alekári _2SNKPH _93919 |
| 650 | 0 | 7 |
_anacisti _2SNKPH _93354 |
| 650 | 0 | 7 |
_avojnoví zločinci _2SNKPH _93920 |
| 650 | 0 | 7 |
_apokusy na ľuďoch _2SNKPH _93921 |
| 650 | 0 | 7 |
_anacistické zločiny _2SNKPH _92558 |
| 650 | 0 | 7 |
_azločiny proti ľudskosti _2SNKPH _93922 |
| 650 | 0 | 7 |
_astíhanie vojnových zločinov _2SNKPH _93923 |
| 650 | 0 | 7 |
_aPhysicians _2SNKPHeng _93924 |
| 650 | 0 | 7 |
_aNazis _2SNKPHeng _93356 |
| 650 | 0 | 7 |
_aWar criminals _2SNKPHeng _93925 |
| 650 | 0 | 7 |
_aHuman experimentation in medicine _2SNKPHeng _93926 |
| 650 | 0 | 7 |
_aCrimes of nazism _2SNKPHeng _92559 |
| 650 | 0 | 7 |
_aCrimes against humanity _2SNKPHeng _93927 |
| 650 | 0 | 7 |
_aWar crimes prosecution _2SNKPHeng _93928 |
| 651 | 7 |
_aPoľsko _2SNKPHgeo _91754 |
|
| 651 | 7 |
_aNemecko _2SNKPHgeo _93575 |
|
| 651 | 7 |
_aJužná Amerika _2SNKPHgeo _93929 |
|
| 651 | 7 |
_aPoland _2SNKPHeng _91755 |
|
| 651 | 7 |
_aGermany _2SNKPHeng _93576 |
|
| 651 | 7 |
_aSouth America _2SNKPHeng _93930 |
|
| 655 | 7 |
_abiografie _2SNKPH _91756 |
|
| 655 | 7 |
_aBiography _2SNKPHeng _91759 |
|
| 700 | 1 |
_aBudjačová, Eva _4trl _93712 |
|
| 958 | _aNB | ||
| 958 | _aOP | ||
| 958 | _aBC | ||